02075njm a2200577 i 450000100060000000300090000600500170001500700150003200800410004702000150008804000360010304100080013904600090014708000150015608000120017110000510018324500400023426000400027430001180031433600390043233600360047133700230050733800320053038000110056238800140057349000580058750000400064550000600068550000660074550501210081160000390093264800140097165000250098565000120101065500280102265500180105065500260106865500260109465500210112065500120114165500130115365500130116670000390117970000290121871000290124771000530127683000570132994200120138699900170139895200820141534960KOSZ 00520220822083026.0sd fsngnnmmned061010s2005 pl munn i 000 0 d a8360004110 aKOSZ 005cKOSZ 005dKOSZ 005/AR0 apol k2005 a785(437.3) a(086.7)1 aDvořák, Antonínd(1841-1905)eKompozytor10aDvořák /cAntonín Dvořák. aWarszawa :bMediasat Poland,c2005. a1 płyta CD (71 min 38 s) :bzapis cyfrowy, stereo ;c12 cm +e1 dodatek : 51 stron : ilustracje ; 13 cm x 14 cm. 2rdacontentaNagranie muzycznebprm 2rdacontent3DodatekaTekstbtxt 2rdamediaaAudiobs 2rdacarrieraPłyta audiobd aMuzyka a1801-19001 aBiblioteka Gazety Wyborczej. Wielcy Kompozytorzy ;v5 aTekst komentarza: Joanna Wiśnios. aRoyal Philharmonic Orchestra ; Paavo Järvi, dyrygent. aNagranie: Kościół św. Augustyna, Kilburn, Londyn 1993.0 aIX symfonia e-moll "Z Nowego Świata" op. 95 ; Uwertura koncertowa "Karnawał" op. 92 ; Scherzo capriccioso op. 66.17aDvořák, Antonínd(1841-1905) 7a1801-1900 9aKompozytorzy czescy  9aKoncert 7aDokumenty dźwiękowe 7aMuzyka czeska 7aMuzyka instrumentalna 7aMuzyka na orkiestrę 7aMuzyka poważna 7aScherzo 7aSymfonia 7aUwertura1 aJärvi, PaavoeDyrygentd(1962- )1 aWiśnios, JoannaeTekst2 aMediasat PolandeWydawca2 aRoyal Philharmonic Orchestra (Londyn)eWykonanie 0aBiblioteka Gazety Wyborczej.pWielcy Kompozytorzyv5 cCD2UKD c34960d34960 00104071aBPKbBPKccg14.90oCD 1332p00336048t0/9(0.034.2) Dev14.90yCD